| 000 | 00781nas a2200241 4500 | ||
|---|---|---|---|
| 001 | BR2011005779 | ||
| 003 | BR-BrBNA | ||
| 005 | 20231205115629.0 | ||
| 007 | ta | ||
| 008 | 230509b bl.|||p| |||| 00| 00por d | ||
| 040 |
_aBR-BrBNA _bpor _cBiblioteca Nacional de Agricultura |
||
| 041 | _a(Pt) | ||
| 072 | _aH01 | ||
| 100 | 1 | _aRodrigues, L.E. | |
| 245 | 1 | _aReflexões sobre o metabolismo biossintético das piretrinas I e II - revisão e sugestões | |
| 650 | _aCRISANTEMO | ||
| 650 | _aPLANTA ORNAMENTAL | ||
| 650 | _aBIOSSÍNTESE | ||
| 650 | _aINSETICIDA | ||
| 773 | 0 |
_tPesticidas. Revista de Ecotoxicologia e Meio Ambiente (Brazil) _xISSN 0103-7277 _g(Jan-Dec 2010), (no. 20) p. 67-84 _wBR2011005779 |
|
| 909 |
_a202311 _bLúcia _c55 _dLúcia Elande |
||
| 942 |
_2AGRIS _n0 _cANA |
||
| 999 |
_c214900 _d214900 |
||